000 01557nam a2200433 i 4500
001 20853
003 KOSZ 005
005 20201006103329.0
008 000114s1980 pl a f |000 0 pol
015 _aPB 1981/1802
040 _aWA N
_cWA N
_dKOSZ 005/HR
041 0 _apol
046 _k1980
080 _a624.04
080 _a539.3/.6
100 1 _aBorkowski, Wacław
_eAutor
245 1 0 _aStatyczna i dynamiczna analiza dużych deformacji cienkich osiowosymetrycznych powłok sprężysto-plastycznych metodą elementów skończonych /
_cW. Borkowski, M. Kleiber ; [Instytut Podstawowych Problemów Techniki Polskiej Akademii Nauk].
260 _aWarszawa :
_bIPPT PAN,
_c1980.
300 _a47, [1] s. :
_b1 il., wykr. ;
_c21 cm.
336 _2rdacontent
_aTekst
_btxt
337 _2rdamedia
_aBez urządzenia pośredniczącego
_bn
338 _2rdacarrier
_aWolumin
_bnc
380 _aKsiążki
380 _aPublikacje naukowe
388 _a1901-2000
388 _a1945-1989
490 1 _aPrace IPPT,
_x0208-5658 ;
_v35/1980.
500 _aNa prawach rpsu.
504 _aBibliogr. s. 46-47.
650 4 _aPowłoki (budownictwo)
650 4 _aMechanika stosowana
650 4 _aSprężystość
658 _aInżynieria i technika
658 _aArchitektura i budownictwo
700 1 _aKleiber, Michał
_d(1946- )
_eAutor
830 0 _aPrace IPPT,
_v35/1980.
856 _uhttp://koha.tu.koszalin.pl/cgi-bin/koha/opac-detail.pl?biblionumber=20853
_yKatalog online BPK
942 _2UKD
_cKS
999 _c20853
_d20853